| 000 | 00688nam a2200217Ia 4500 | ||
|---|---|---|---|
| 005 | 20241129105824.0 | ||
| 008 | 241129s9999||||xx |||||||||||||| ||und|| | ||
| 020 | _a978-81-8223-768-1 | ||
| 037 | _aTB | ||
| 040 |
_aARTS _beng _cARTS |
||
| 041 |
_ahin _2urd |
||
| 084 |
_aD65,8(B) 168Q0 _qARTS |
||
| 100 |
_aFriedman Thomas L Au.; Ahmad Mohammad Nazir Tr. _9726437 |
||
| 245 | 0 |
_aDuniya meri muththi mein (The World is Flat) _cFriedman Thomas L Au.; Ahmad Mohammad Nazir Tr. |
|
| 260 |
_aDelhi, India _bEducational Publishing House _c2014 |
||
| 300 | _a196p. | ||
| 365 |
_aINR _b200 |
||
| 650 | _aEngineering | ||
| 942 |
_cTB _hD65,8(B) 168Q0 |
||
| 999 |
_c1226147 _d1226147 |
||